Представление документа в формате MARC21

ПолеНазваниеЗначение
  Тип записи a
  Библиографический уровень m
001 Контрольный номер RU\infra-m\znanium\bibl\2231092
005 Дата корректировки 20260429142123.8
008 Кодируемые данные 251028s2025 RU g rus u
020 Индекс ISBN __
a ISBN 978-5-16-020014-9
020 Индекс ISBN __
a ISBN 978-5-16-112563-2 (электр. издание)
040 Источник каталогиз. __
a Служба первич. каталог. Общество с ограниченной ответственностью «ЗНАНИУМ»
041 Код языка издания __
a Код языка текста rus
044 Код страны публикации __
a Код страны публикации RU
080 Индекс УДК __
a Индекс УДК 347.9+340(075.8)
084 Индекс другой классификации/Индекс ББК __
2 Источник индекса rubbk
a Индекс другой классификации/Индекс ББК 67.410я73
084 Индекс другой классификации/Индекс ББК __
2 Источник индекса okso
a Индекс другой классификации/Индекс ББК 40.04.01
100 Автор __
a Автор Князев Д.В.
q Полное имя Князев Дмитрий Владимирович
u Дополнение Национальный исследовательский Томский государственный университет
245 Заглавие __
a Заглавие Альтернативное разрешение споров
b Продолж. заглавия Учебное пособие
c Ответственность Национальный исследовательский Томский государственный университет; Российский государственный университет правосудия, Западно-Сибирский ф-л
250 Сведения об издании __
a Основные сведения об издании 1
260 Выходные данные __
a Место издания Москва
b Издательство ООО "Научно-издательский центр ИНФРА-М"
c Дата издания 2026
300 Физическое описание __
a Объем 209 с.
440 Серия __
a Серия Высшее образование
520 Аннотация __
a Аннотация Вопросы альтернативного разрешения споров (АРС) приобрели актуальность в юридической науке и практике что обусловлено стремлением к оптимизации урегулирования конфликтов в сфере гражданских правоотношений. Учебное пособие предназначено для расширения углубления и лучшего усвоения знаний в сфере АРС. Содержит сведения о социальном конфликте переговорах при урегулировании юридического конфликта медиации об арбитраже и иных формах АРС. Подготовлено для изучения дисциплины «Альтернативное разрешение споров» («Альтернативные способы разрешения споров») на базе нормативных правовых актов по состоянию на 1 апреля 2024 года. Соответствует требованиям федеральных государственных образовательных стандартов высшего образования последнего поколения (по направлению подготовки 40.03.01 «Юриспруденция» по специальности 40.05.04 «Судебная и прокурорская деятельность» по направлению подготовки 40.04.01 «Юриспруденция»). Для студентов вузов и аспирантов а также всех кто стремится приобрести знания в области эффективного урегулирования юридических конфликтов без обращения в суд.
521 Примеч. о цел. назн. __
a Примеч. о целев. назн. Профессиональное образование
650 Тематические рубрики __
a Основная рубрика Право. Юридические науки
x Основная подрубрика Гражданский и арбитражный процесс
655 Указ. предметных рубрик (устаревшее) __
a Жанр/ форма (устаревшее) Учебное пособие
856 Электронный адрес документа 4_
a Имя сервера/домена znanium.ru
m Помощь ebs_support@infra-m.ru
n Местонахождение сервера НИЦ ИНФРА-М
u URL https://znanium.ru/catalog/document?id=471660
856 Электронный адрес документа 48
a Имя сервера/домена znanium.ru
d Путь /cover/2231
f Электронное имя 2231092.jpg
q Тип электронного формата image/jpeg
u URL https://znanium.ru/cover/2231/2231092.jpg
911 __
u 0030=https://znanium.ru/catalog/document?id=471660
911 __
u 712a=Российский государственный университет правосудия, Западно-Сибирский ф-л